Normal view
MARC view
- Torres, Jorge,
Entry Nom personal
001 - NÚMERO DE CONTROL
- campo de control: 168451
003 - IDENTIFICADOR DEL NÚMERO DE CONTROL
- campo de control: ES-BaIT
005 - FECHA Y HORA DE LA ÚLTIMA TRANSACCIÓN
- campo de control: 20260216101938.0
008 - DATOS DE LONGITUD FIJA
- campo de control de longitud fija: 260216|| aca||aabn | a|a d
040 ## - FUENTE DE LA CATALOGACIÓN
- Centro catalogador/agencia de origen: ES-BaIT
100 1# - ENCABEZAMIENTO-NOMBRE DE PERSONA
- Nombre de persona: Torres, Jorge,
- Fechas asociadas al nombre: 1980-


